| 000 | 00627nam a22002057a 4500 | ||
|---|---|---|---|
| 005 | 20240318105212.0 | ||
| 010 | _aENG-139738 | ||
| 020 |
_a9789325981041 _c252.00 |
||
| 035 | _aEN-1 | ||
| 037 | _bDBAD/PUB | ||
| 082 | _a510 | ||
| 100 |
_aBikas Chandra Bhui _963462 |
||
| 245 |
_aApplied Mathematics -I/ _cBy Bikas Chandra Bhui |
||
| 260 |
_aNoida (UP) _bVikas Publishing House PVT LTD _c2015 |
||
| 270 |
_aE-28,Sector -8, _bNoida _e201301 |
||
| 300 |
_a380p. _c24cm(pbk) _bReferences & Index |
||
| 700 |
_aBhui, Bikas Chandra _eAuthor _963463 |
||
| 700 |
_aMohapatra, Kirti _eAuthor _963464 |
||
| 942 |
_2ddc _cEN _m510 _hBHU |
||
| 999 |
_c201546 _d201546 |
||